000 00620nam a2200241Ia 4500
003 OSt
005 20221005101804.0
006 a|||||r|||| 00| 0
007 ta
008 221004b |||||||| |||| 00| 0 eng d
024 _a67193
037 _cTextual
040 _aCRL
_cCRL
_beng
041 _2eng
_aeng
082 _aV3,6.N, M6
100 _aGoldsmith Michael
245 0 _aNew research in Central-local relations
260 _aU.S.A.
_bGower 1986
_c1986
300 _a307p.
_ccm.
650 _aHISTORY
942 _hV3,6.N, M6
_cTEXL
_2cc
999 _c1007386
_d1007386